LEADER 01227nam0-22003971i-450- 001 990005506600203316 005 20021026120000.0 035 $a000550660 035 $aUSA01000550660 035 $a(ALEPH)000550660USA01 035 $a000550660 100 $a20021026d2001-------|0itac50------ba 101 $aita 102 $aIT 105 $a|||| ||||| 200 1 $aOsservatorio sulla mobilità del lavoro in Italia$fa cura di Bruno Contini 210 $aBologna$cIl mulino$dc2002 215 $a427 p.$d22 cm. 225 2$aPercorsi. - Bologna 410 1$12001$aPercorsi. - Bologna 606 $aLavoratori$xMobilita$xItalia$2FI 620 $dBologna 676 $a331.127945$cMobilità del lavoro in Italia$v21 702 1$aCONTINI,$bBruno 801 $aIT$bSOL$c20120104 912 $a990005506600203316 950 $aDIP.TO SCIENZE ECONOMICHE - (SA)$dDS 300 331.1274945 CON$e10478 DISES 951 $a300 331.1274945 CON$b10478 DISES 959 $aBK 969 $aDISES 979 $c20121027$lUSA01$h1532 979 $c20121027$lUSA01$h1613 979 $aPATRY$b90$c20130312$lUSA01$h1700 996 $aOsservatorio sulla mobilità del lavoro in Italia$9516232 997 $aUNISA NUM $aUSA11510 LEADER 01690nas# 2200313 i 450 001 VAN0000808 005 20230306120938.51 011 $a1020-220X 100 $a20020613b19951998 |0itac50 ba 101 $afre 102 $aCH 105 $a|||| ||||| 110 $aaM||||||||| 200 1 $aˆLa ‰propriété industrielle et le droit d'auteur$erevue mensuelle de l'Organisation mondiale de la propriété intellectuelle (OMPI) 210 $aGeneve$cOMPI$d1995-1998 215 $a4 volumi$d30 cm 440 1$1001VAN0088886$12001 $aLois et traités de propriété intellectuelle$epublication mensuelle de l'Organisation mondiale de la propriété intellectuelle (OMPI)$1210 $aGeneve$cOMPI$d1998-2001$1215 $a4 volumi$d30 cm 606 $aDiritti d'autore$xLegislazione$xPeriodici$3VANC032065$2FI 606 $aProprietà industriale$xPeriodici$3VANC032077$2FI 620 $dGinevra$3VANL001017 676 $a346.048205$cDiritti d'autore. Pubblicazioni in serie$v20 712 02$aOrganisation mondiale de la propriété intellectuelle$cGinevra$3VANV000362 712 $aOrganisation mondiale de la propriete industrielle$3VANV109782$4650 801 $aIT$bSOL$c20240119$gRICA 899 $aBIBLIOTECA DEL DIPARTIMENTO DI GIURISPRUDENZA$1IT-CE0105$2VAN00$4lac. 1995; 1998.$cSALA GIALLA sc. 4 ; 912 $aVAN0000808 950 $aBIBLIOTECA DEL DIPARTIMENTO DI GIURISPRUDENZA$b00lac. 1995; 1998.$d00RIV SALA GIALLA sc.4 1995 $e00RIV305500 20140507 $d00RIV SALA GIALLA sc.4 1998 $e00RIV305600 20140507 996 $aPropriete industrielle et le droit d'auteur$9791055 997 $aUNICAMPANIA